000 00803cab a2200253 4500
001 A574
008 090401t1992 xxu||||| |||| 00| 0 eng d
035 _a(Sirsi) u29951
041 _aeng
100 _aGiles, R.
245 4 _aThe inspection of boilers and lifts
260 _c1992
350 _a0
490 _aStructural Survey
_v10(3) Winter 1992, 242-247(6)
520 _aSummarises the Regulations and legislation relevant to boilers and lifts and advises on the checks necessary to ensure the safe and efficient running of boilers and lifts.
650 _aBOILERS
650 _aHEALTH AND SAFETY
_96244
650 _aINSPECTIONS
650 _aLIFTS
650 _aPRESSURE SYSTEM REGULATIONS
690 _aBUILT ENVIRONMENT-BUILDING INSPECTION
942 _n0
948 _c04/03/1997
999 _c20150
_d20150